000 00296nam a2200097Ia 4500
082 _a741.672 BURK
245 0 _aFashion artist : drawing techniques to portfolio presentation
100 _a BURKE, Sandra [Ringwood], 2003
_994778
942 _cBK
008 210817s9999 xx 000 0 und d
999 _c388799
_d388798